All Time F1 Polesitters Quiz - Statistics

General Stats
  • This quiz has been taken 92 times
    39 since last reset
  • The average score is 62 of 96
Answer Stats
Poles Driver Active Years Country % Correct
65 Ayrton Senna 1984-1994 Brazil
97%
104 Lewis Hamilton 2007-present UK
97%
48 Max Verstappen 2015-present Netherlands
97%
30 Nico Rosberg 2006-2016 Germany
97%
57 Sebastian Vettel 2007-2022 Germany
97%
27 Charles Leclerc 2018-present Monaco
94%
5 Keke Rosberg 1978-1986 Finland
94%
68 Michael Schumacher 1991-2006, 2010-2012 Germany
94%
6 Ralf Schumacher 1997-2007 Germany
94%
33 Alain Prost 1980-1991, 1993 France
91%
18 Kimi Raikkonen 2001-2009, 2012-2021 Finland
91%
16 Lando Norris 2019-present UK
91%
24 Niki Lauda 1971-1979, 1982-1985 Austria
91%
6 Carlos Sainz Jr. 2015-present Spain
89%
22 Fernando Alonso 2001-2018, 2021-present Spain
89%
29 Juan Manuel Fangio 1950-1951, 1953-1958 Argentina
89%
20 Valtteri Bottas 2013-2024, 2026-present Finland
89%
20 Damon Hill 1992-1999 UK
86%
2 Gilles Villeneuve 1977-1982 Canada
86%
13 Graham Hill 1958-1975 UK
86%
13 Jacques Villeneuve 1996-2006 Canada
86%
1 Lance Stroll 2017-present Canada
86%
26 Mika Hakkinen 1991-2001 Finland
86%
24 Nelson Piquet 1978-1991 Brazil
86%
32 Nigel Mansell 1980-1992, 1994-1995 UK
86%
6 Phil Hill 1958-1964 USA
86%
3 Daniel Ricciardo 2011-2024 Australia
83%
6 Emerson Fittipaldi 1970-1980 Brazil
83%
7 George Russell 2019-present UK
83%
13 Juan Pablo Montoya 2001-2006 Colombia
83%
1 Kevin Magnussen 2014, 2016-2020, 2022-2024 Denmark
83%
6 Oscar Piastri 2023-present Australia
83%
3 Sergio Perez 2011-2024, 2026-present Mexico
83%
16 Felipe Massa 2002, 2004-2017 Brazil
80%
8 Jenson Button 2000-2017 UK
80%
13 Mark Webber 2002-2013 Australia
80%
1 Nico Hülkenberg 2010, 2012-2020, 2022-present Germany
80%
14 Rubens Barrichello 1993-2011 Brazil
80%
5 Giuseppe Farina 1950-1955 Italy
77%
13 Jack Brabham 1955-1970 Australia
77%
17 Jackie Stewart 1965-1973 UK
77%
18 Mario Andretti 1968-1972, 1974-1982 USA
77%
1 Pastor Maldonado 2011-2015 Venezuela
74%
1 Robert Kubica 2006-2010, 2019, 2021 Poland
74%
14 Alberto Ascari 1950-1955 Italy
71%
12 David Coulthard 1994-2008 UK
71%
12 Gerhard Berger 1984-1997 Austria
71%
4 Giancarlo Fisichella 1996-2009 Italy
71%
33 Jim Clark 1960-1968 UK
71%
1 Denis Hulme 1965-1974 New Zealand
69%
4 Jarno Trulli 1997-2011 Italy
69%
3 Jody Scheckter 1972-1980 South Africa
69%
16 Stirling Moss 1951-1961 UK
69%
1 Heikki Kovalainen 2007-2013 Finland
66%
4 Mike Hawthorn 1952-1958 UK
66%
14 James Hunt 1973-1979 UK
63%
10 Jochen Rindt 1964-1970 Austria
63%
18 René Arnoux 1978-1989 France
63%
14 Ronnie Peterson 1970-1978 Sweden
63%
6 Alan Jones 1975-1986 Australia
60%
6 Carlos Reutemann 1972-1982 Argentina
60%
2 Heinz-Harald Frentzen 1994-2003 Germany
60%
13 Jacky Ickx 1966-1979 Belgium
60%
2 Jean Alesi 1989-2001 France
60%
1 Nick Heidfeld 2000-2011 Germany
60%
8 John Surtees 1960-1972 UK
54%
8 Riccardo Patrese 1977-1993 Italy
54%
2 Michele Alboreto 1981-1994 Italy
49%
5 Clay Regazzoni 1970-1980 Switzerland
46%
4 Didier Pironi 1978-1982 France
46%
1 Thierry Boutsen 1983-1993 Belgium
46%
1 Wolfgang von Trips 1957-1961 Germany
46%
1 Carlos Pace 1972-1977 Brazil
43%
3 Dan Gurney 1959-1970 USA
40%
3 José Froilán González 1950-1957, 1960 Argentina
40%
7 Jacques Laffite 1974-1986 France
37%
1 Joakim Bonnier 1956-1971 Sweden
37%
2 Joseph Siffert 1962-1971 Switzerland
37%
3 Tony Brooks 1956-1961 UK
37%
1 Andrea de Cesaris 1980-1994 Italy
34%
5 Chris Amon 1963-1976 New Zealand
34%
3 Ello de Angelis 1979-1986 Italy
34%
6 Jean-Pierre Jabouille 1974-1981 France
31%
2 John Watson 1973-1983, 1985 UK
31%
1 Lorenzo Bandini 1961-1967 Italy
29%
1 Patrick Depailler 1972, 1974-1980 France
29%
1 Vittorio Brambilla 1974-1980 Italy
29%
5 Patrick Tambay 1977-1986 France
26%
1 Peter Revson 1964, 1971-1974 USA
26%
1 Eugenio Castellotti 1955-1957 Italy
14%
3 Jean-Pierre Jarier 1971, 1973-1983 France
14%
3 Teo Fabi 1982, 1984-1987 Italy
14%
1 Bruno Giacomelli 1977-1983, 1990 Italy
11%
1 Tom Pryce 1974-1977 UK
11%
1 Mike Parkes 1966-1967 UK
9%
2 Stuart Lewis-Evans 1957-1958 UK
9%
No matching quizzes found
Score Distribution
Percent of People with Each Score
Percentile by Number Answered
Your Score History
You have not taken this quiz since the last reset